000 00431pab a2200169 454500
008 180718b2010 xxu||||| |||| 00| 0 eng d
100 _aShwed, Uri
245 _aThe temporal structure of scientific consensus formation
260 _c2010
300 _ap.817-840.
362 _aDec
650 _aSociology of science
700 _aBearman, Peter S.
773 _aAmerican Sociological Review
908 _aN
909 _a91100
999 _c91100
_d91100